000 00367nam a2200133Ia 4500
008 100328s9999 xx 000 0 und d
082 _b64821
100 _aफाटक अनुरााा.
245 _aऋणानुबंा.
260 _bसानिया.
630 _aऋणानुबंा.
730 _aऋणानुबंा.
942 _cBOOK
999 _c550582
_d550579